Statistiques concernant Tous les jeux Super Smash Bros.

Cliquez ici pour prendre le quiz!

Statistiques générales

  • Ce quiz a été pris 40 fois
  • Le résultat moyen est 5 sur 6

Statistiques - réponses

ConsoleNom% Correct
Nintendo 64Super Smash Bros.
100%
WiiSuper Smash Bros. Brawl
100%
Game CubeSuper Smash Bros. Melee
97%
Nintendo SwitchSuper Smash Bros. Ultimate
95%
Wii USuper Smash Bros. for Wii U
55%
Nintendo 3DSSuper Smash Bros. for Nintendo 3DS
32%

Distribution des résultats

Percentile par nombre de réponses

% des personnes avec chaque résultat

Votre développement - résultats

Vous n’avez pas pris ce quiz